[Event "Open Aubagne"]
[Site "Aubagne"]
[Date "2024.04.06"]
[Round "9.2"]
[White "Battaglia, Gerard"]
[Black "Vrillet, Loan"]
[Result "1-0"]
[WhiteElo "1760"]
[BlackElo "1691"]
[PlyCount "54"]
[WhiteTeam "Ech. Marseillais 1872"]
[BlackTeam "C.E. Aubagnais"]

1. d4 d5 2. c4 c6 3. Nc3 Nf6 4. Nf3 e6 5. e3 Nbd7 6. a3 Bd6 7. c5 Bc7 8. b4 Ne4
9. Bb2 Ndf6 10. Bd3 Bd7 11. Qc2 Nxc3 12. Bxc3 a6 13. h3 h6 14. Qe2 Ne4 15. Bb2
f5 16. Rg1 Qf6 17. Ne5 Rf8 18. g4 Bxe5 19. dxe5 Qh4 20. Bxe4 fxe4 21. Rg3 Ke7
22. O-O-O Rf7 23. f4 Qxg3 24. Rh1 g5 25. Bd4 gxf4 26. exf4 Qxa3+ 27. Bb2 Qf3
1-0

[Event "Open Aubagne"]
[Site "Aubagne"]
[Date "2024.05.06"]
[Round "9.3"]
[White "Gamblin, Vincent"]
[Black "Madi, Walid"]
[Result "0-1"]
[WhiteElo "1658"]
[BlackElo "1624"]
[PlyCount "46"]
[WhiteTeam "Ech. du Roy Rene"]
[BlackTeam "C.E. Aubagnais"]

1. e4 c5 2. Nf3 d6 3. d4 cxd4 4. Nxd4 Nf6 5. Nc3 a6 6. Bc4 e6 7. Bb3 Be7 8. Be3
Qa5 9. Qe2 Nxe4 10. O-O-O Nxc3 11. bxc3 Qxc3 12. Qg4 d5 13. Kb1 Ba3 14. Bc1
Bxc1 15. Rxc1 O-O 16. Ne2 Qf6 17. Qg3 a5 18. a4 Na6 19. h4 Bd7 20. h5 b5 21.
Nc3 bxa4 22. Nxa4 Bxa4 23. Bxa4 Rfb8+ 0-1

[Event "Open Aubagne"]
[Site "Aubagne"]
[Date "2024.04.06"]
[Round "9.5"]
[White "Gomez, Guy"]
[Black "Rival, None"]
[Result "1-0"]
[WhiteElo "1676"]
[BlackElo "1642"]
[PlyCount "87"]
[WhiteTeam "C.E. Aubagnais"]
[BlackTeam "Ech. Marseillais 1872"]

1. e4 c6 2. d4 d5 3. Nc3 dxe4 4. Nxe4 Bf5 5. Ng3 Bg6 6. Nf3 Nd7 7. Bc4 e6 8.
O-O Ngf6 9. Re1 Be7 10. c3 Nd5 11. Qb3 Qc7 12. Bg5 N7f6 13. Ne5 O-O 14. Nxg6
hxg6 15. Qd1 c5 16. Rc1 cxd4 17. cxd4 Qa5 18. Qf3 Rac8 19. Bb3 Rc7 20. Red1
Rfc8 21. Rxc7 Rxc7 22. h4 Qb5 23. Nf1 a5 24. a4 Qb4 25. Bd2 Qb6 26. g4 Rc8 27.
g5 Nh5 28. Bxd5 exd5 29. Qxd5 Qxb2 30. Qd7 Rd8 31. Qxe7 Qxd4 32. Ne3 Nf4 33.
Kh2 Rd7 34. Qe8+ Kh7 35. Bxa5 Qb2 36. Rf1 Rd3 37. Qxf7 Ne2 38. Qe6 Qd4 39. Qg4
Qe5+ 40. f4 Qxe3 41. Be1 Qe4 42. h5 Ra3 43. hxg6+ Kxg6 44. f5+ 1-0

[Event "Open Aubagne"]
[Site "Aubagne"]
[Date "2024.04.06"]
[Round "9.6"]
[White "Maggio, Lucas"]
[Black "Madi, Chahinez"]
[Result "1/2-1/2"]
[WhiteElo "1662"]
[BlackElo "1729"]
[PlyCount "68"]
[WhiteTeam "C.E. Aubagnais"]
[BlackTeam "C.E. Aubagnais"]

1. e4 c5 2. Nf3 d6 3. d4 cxd4 4. Nxd4 Nf6 5. Nc3 a6 6. Be3 e5 7. Nf3 Be6 8. Ng5
Be7 9. Nxe6 fxe6 10. Bc4 Qc8 11. Bb3 b5 12. O-O Nc6 13. Qf3 Na5 14. Qh3 Nxb3
15. cxb3 d5 16. Bg5 d4 17. Bxf6 Bxf6 18. Ne2 O-O 19. Rac1 Qd7 20. Qd3 Rac8 21.
h3 Bg5 22. Rxc8 Rxc8 23. Rd1 Qc7 24. f4 exf4 25. Rc1 Qd7 26. Rxc8+ Qxc8 27.
Qxd4 Qc2 28. Qd7 g6 29. Qxe6+ Kg7 30. Nc3 Bh4 31. Qe5+ Bf6 32. Qxf4 Qxb2 33.
Qc7+ Kh6 34. Qf4+ Kg7 1/2-1/2

[Event "Open Aubagne"]
[Site "Aubagne"]
[Date "2024.04.06"]
[Round "9.7"]
[White "Deregnaucourt, Yves"]
[Black "Hassaine, Rachid"]
[Result "1/2-1/2"]
[WhiteElo "1754"]
[BlackElo "1596"]
[PlyCount "84"]
[WhiteTeam "C.E. Aubagnais"]
[BlackTeam "C.E. Aubagnais"]

1. e4 e5 2. Nf3 Nc6 3. Bc4 Bc5 4. c3 d6 5. d4 exd4 6. cxd4 Bb6 7. Nc3 Bg4 8. h3
Bh5 9. g4 Bg6 10. Bg5 f6 11. Be3 Ba5 12. Qb3 Nge7 13. Nd2 Bb6 14. Ne2 a6 15.
Be6 Rf8 16. d5 Bxe3 17. fxe3 Ne5 18. O-O-O Bf7 19. Nd4 c5 20. Bxf7+ Rxf7 21.
Ne6 Qc8 22. Kb1 b5 23. g5 f5 24. Rhf1 Qb7 25. a4 Rb8 26. axb5 axb5 27. exf5
Nxf5 28. e4 Nd4 29. Qg3 Qd7 30. Rxf7 Nxf7 31. Nxg7+ Kf8 32. Ne6+ Ke8 33. g6
Nxe6 34. gxf7+ Qxf7 35. dxe6 Qxe6 36. Rg1 Kd7 37. Qg7+ Kc6 38. Qa7 Rb7 39. Qa8
Kb6 40. Qd8+ Kc6 41. Qg8 Qh6 42. Qg2 Kb6 1/2-1/2

[Event "Open Aubagne"]
[Site "Aubagne"]
[Date "2024.04.06"]
[Round "9.8"]
[White "Hovaguimian, Gerard"]
[Black "Normand, Christophe"]
[Result "1/2-1/2"]
[WhiteElo "1573"]
[BlackElo "1544"]
[PlyCount "87"]
[WhiteTeam "Hay Chess"]
[BlackTeam "C.E. Pennois"]

1. d4 d6 2. c4 g6 3. Nf3 Bg7 4. Nc3 Nd7 5. e4 e5 6. d5 h6 7. Be3 Ngf6 8. h3 O-O
9. Qd2 Kh7 10. Nh2 a6 11. Ng4 Ng8 12. Bd3 c6 13. O-O Ndf6 14. Nxf6+ Nxf6 15. f4
Nd7 16. f5 Nf6 17. Rf3 g5 18. g4 Bd7 19. Ne2 c5 20. Ng3 b5 21. b3 bxc4 22. bxc4
a5 23. Raf1 a4 24. R1f2 a3 25. Nh5 Nxh5 26. gxh5 f6 27. Rg3 Rb8 28. Qc1 Rb2 29.
Rxb2 axb2 30. Qxb2 Qa5 31. Bd2 Qa4 32. Be2 Ra8 33. a3 Qa7 34. Rb3 Ba4 35. Rb7
Qa6 36. Rb6 Qa7 37. Rb7 Qa6 38. Qb6 Qxb6 39. Rxb6 Bf8 40. Rb7+ Kg8 41. Bc1 Bc2
42. Bf3 Bd3 43. Kf2 Bxc4 44. Be2 1/2-1/2

[Event "Open Aubagne"]
[Site "Aubagne"]
[Date "2024.04.06"]
[Round "9.10"]
[White "Cotton, Paul"]
[Black "Beneddra, Nassim"]
[Result "0-1"]
[WhiteElo "1593"]
[BlackElo "1579"]
[PlyCount "60"]
[WhiteTeam "C.E. Aubagnais"]
[BlackTeam "Ech. Marseillais 1872"]

1. c4 c6 2. Nf3 d5 3. cxd5 cxd5 4. g3 Nf6 5. Bg2 e6 6. d3 Be7 7. Bd2 O-O 8. O-O
Nc6 9. e3 b6 10. Nc3 Ba6 11. Ne1 Rc8 12. a3 Ne5 13. Qb1 Nxd3 14. Nxd3 d4 15.
Ne4 dxe3 16. Nxf6+ Bxf6 17. Bb4 Bxd3 18. Qd1 e2 19. Qd2 exf1=Q+ 20. Bxf1 Bxf1
21. Qxd8 Rfxd8 22. Rxf1 Bxb2 23. Re1 Rc1 24. Rxc1 Bxc1 25. Be7 Rd3 26. a4 Rd4
27. a5 bxa5 28. Bc5 Rd7 29. Kf1 a4 30. Bb4 Bb2 0-1

[Event "Open Aubagne"]
[Site "Aubagne"]
[Date "2024.04.06"]
[Round "9.11"]
[White "Leonti, Denis"]
[Black "Pretini, Augustin"]
[Result "0-1"]
[WhiteElo "1502"]
[BlackElo "1561"]
[PlyCount "104"]
[WhiteTeam "Hay Chess"]
[BlackTeam "C.E. Aubagnais"]

1. e4 c6 2. Nf3 d5 3. Nc3 Nf6 4. exd5 cxd5 5. Bb5+ Nc6 6. d4 a6 7. Bxc6+ bxc6
8. Bg5 h6 9. Bh4 e6 10. O-O c5 11. Re1 cxd4 12. Nxd5 Qxd5 13. Bxf6 gxf6 14. c4
Qxc4 15. b3 Qd5 16. Nxd4 Bb7 17. Qg4 h5 18. Nxe6 Kd7 19. Nxf8+ Kc7 20. Rac1+
Bc6 21. Re7+ Kd8 22. Qg3 Kxe7 23. Qg7 Raxf8 24. Re1+ Kd6 25. Qg3+ Kd7 26. Qh3+
Kc7 27. Re7+ Bd7 28. Qc3+ Qc6 29. Qa5+ Kd6 30. Qb4+ Kc7 31. Qa5+ Kc8 32. Re3
Re8 33. Rxe8+ Rxe8 34. h3 h4 35. a4 Kb7 36. Qb4+ Kc8 37. Qxh4 Qc1+ 38. Kh2 Qc7+
39. g3 Re2 40. Qxf6 Qc2 41. Qxa6+ Kd8 42. Qb6+ Ke7 43. Qb4+ Ke6 44. Qg4+ Kf6
45. Qd4+ Kg6 46. Qd6+ Be6 47. g4 Rxf2+ 48. Kg3 Rg2+ 49. Kf3 Qe2+ 50. Kf4 Rf2+
51. Kg3 Rf3+ 52. Kh4 Qf2+ 0-1

[Event "Open Aubagne"]
[Site "Aubagne"]
[Date "2024.04.06"]
[Round "9.12"]
[White "Roux, Jean-Marie"]
[Black "Periale, Albert"]
[Result "0-1"]
[WhiteElo "1543"]
[BlackElo "1522"]
[PlyCount "114"]
[WhiteTeam "Ech. du Roy Rene"]
[BlackTeam "C.E. Aubagnais"]

1. e4 e6 2. Nf3 d5 3. e5 d4 4. Bc4 c5 5. d3 Nc6 6. Bf4 Nge7 7. Nbd2 Ng6 8. Bg3
Qc7 9. Ne4 Be7 10. Qd2 b6 11. O-O-O Na5 12. Bb3 Nxb3+ 13. cxb3 Bb7 14. Kb1 Rc8
15. Rc1 Qd8 16. h4 h5 17. Nfg5 Bxg5 18. Nxg5 Bxg2 19. Rhg1 Bd5 20. Rce1 Rc7 21.
f4 f5 22. Rc1 Qd7 23. Bf2 Nf8 24. b4 Qa4 25. b3 Qd7 26. bxc5 bxc5 27. Qa5 Qe7
28. Qb5+ Qd7 29. Qa5 Qc8 30. Bxd4 Nd7 31. Rc2 Qb7 32. Rgc1 Qb6 33. Qd2 a5 34.
Bc3 Ra7 35. Rb2 Ke7 36. Qf2 Qa6 37. Qg3 Rg8 38. Nf3 Qxd3+ 39. Ka1 Qxf3 40. Qg5+
Kf7 41. Rd2 Qg4 42. Rg1 Qxg5 43. Rxg5 g6 44. Kb2 Rb7 45. Bxa5 Nb8 46. Bc3 Nc6
47. Rg1 c4 48. Re1 cxb3 49. axb3 Rd8 50. Red1 Rxb3+ 51. Kc2 Nb4+ 52. Bxb4 Rxb4
53. Ra1 Rc8+ 54. Kd1 Bb3+ 55. Ke1 Re4+ 56. Kf2 Rxf4+ 57. Kg3 Re4 0-1

[Event "Open Aubagne"]
[Site "Aubagne"]
[Date "2024.04.06"]
[Round "9.13"]
[White "Evrard, Nicolas"]
[Black "Autouard, Jean-Luc"]
[Result "*"]
[WhiteElo "1503"]
[BlackElo "1523"]
[PlyCount "70"]
[WhiteTeam "Salon Nostradamus"]
[BlackTeam "C.E. Aubagnais"]

1. c4 e5 2. Nc3 Nf6 3. g3 Be7 4. Bg2 O-O 5. d4 exd4 6. Qxd4 Nc6 7. Bxc6 bxc6 8.
Be3 Bb7 9. f3 c5 10. Qd2 Ng4 11. Nh3 Nxe3 12. Qxe3 f5 13. O-O-O a5 14. b3 Bf6
15. Nd5 Bd4 16. Qe7 Qxe7 17. Nxe7+ Kh8 18. Nd5 c6 19. Ndf4 a4 20. Rxd4 cxd4 21.
b4 Ba6 22. c5 a3 23. Rd1 Rae8 24. Ng1 g5 25. Nd3 Re3 26. Kd2 Bc4 27. Nc1 Rb8
28. Ke1 Rc3 29. Nd3 Bxd3 30. f4 Rxb4 31. Nf3 Be4 32. Nxg5 Rc2 33. Nf7+ Kg7 34.
Ne5 Rxa2 35. Nxd7 Rb1 *

[Event "Open Aubagne"]
[Site "Aubagne"]
[Date "2024.04.06"]
[Round "9.14"]
[White "Boudet, Nicole"]
[Black "Roganova, Jeremy"]
[Result "0-1"]
[WhiteElo "1456"]
[BlackElo "1503"]
[PlyCount "71"]
[WhiteTeam "C.E. Pennois"]
[BlackTeam "C.E. Aubagnais"]

1. e4 c5 2. d4 cxd4 3. c3 dxc3 4. Nxc3 e6 5. Nf3 Nc6 6. Bc4 Nge7 7. O-O g6 8.
Bf4 a6 9. a4 Bg7 10. e5 Qc7 11. Qe2 Na5 12. Nd2 Nec6 13. Rfe1 Nd4 14. Qe4 Nxc4
15. Qxd4 Na5 16. Nce4 Nc6 17. Nd6+ Ke7 18. Bg5+ Kf8 19. Qh4 Bxe5 20. Rxe5 Qxd6
21. Qh6+ Ke8 22. Bf6 Rf8 23. Nc4 Qb4 24. Re4 d5 25. Qxh7 dxe4 26. Rc1 b5 27.
Bc3 Qxc4 28. Qh6 Qd5 29. Bg7 Rg8 30. Qh7 Ne7 31. Bf6 Bb7 32. Bxe7 Kxe7 33. Rc7+
Kd6 34. Rc1 e3 35. Qh3 exf2+ 36. Kxf2 0-1

[Event "Open Aubagne"]
[Site "Aubagne"]
[Date "2024.04.06"]
[Round "9.16"]
[White "Roubinet, Tao"]
[Black "Peucelle, Richard"]
[Result "1-0"]
[WhiteElo "1528"]
[BlackElo "1419"]
[PlyCount "29"]
[WhiteTeam "C.E. Aubagnais"]
[BlackTeam "C.E. Aubagnais"]

1. e4 e5 2. Nf3 Nc6 3. d4 exd4 4. Nxd4 Nge7 5. Nc3 g6 6. Be3 Bg7 7. f4 O-O 8.
Bc4 d6 9. Qd3 Nb4 10. Qd2 Be6 11. Nxe6 fxe6 12. Bxe6+ Kh8 13. Bd4 Bxd4 14.
Qxd4+ Rf6 15. Qxf6# 1-0

[Event "Open Aubagne"]
[Site "Aubagne"]
[Date "2024.04.06"]
[Round "9.17"]
[White "Innocenti, Georges"]
[Black "Giraudoux Lognos, Lina"]
[Result "1/2-1/2"]
[WhiteElo "1399"]
[BlackElo "1199"]
[PlyCount "49"]
[WhiteTeam "C.E. Aubagnais"]
[BlackTeam "C.E. Aubagnais"]

1. e4 c5 2. Nc3 d6 3. Bb5+ Bd7 4. Bxd7+ Nxd7 5. Nf3 e5 6. O-O Ne7 7. d3 Nc6 8.
a3 Be7 9. Nd5 Nd4 10. Nxe7 Qxe7 11. Nxd4 cxd4 12. Qd2 Rc8 13. c3 O-O 14. c4 Nb6
15. b3 Nd7 16. f4 f6 17. f5 Nc5 18. Rb1 Rc6 19. b4 Na4 20. b5 Rb6 21. Rb3 Nc5
22. Rb2 Na4 23. Rb3 Nc5 24. Rb2 Na4 25. Rb3 1/2-1/2

[Event "Open Aubagne"]
[Site "Aubagne"]
[Date "2024.04.06"]
[Round "9.18"]
[White "Jardel, Stephane"]
[Black "Guelai, Belkacem"]
[Result "0-1"]
[WhiteElo "1199"]
[BlackElo "1199"]
[PlyCount "72"]
[WhiteTeam "C.E. Aubagnais"]
[BlackTeam "C.E. Aubagnais"]

1. c4 e5 2. Nc3 Nc6 3. d3 Nf6 4. g3 Bb4 5. Bd2 d5 6. cxd5 Nxd5 7. Bg2 Nxc3 8.
Bxc3 Qf6 9. Nf3 Bf5 10. Nxe5 Bxc3+ 11. bxc3 Nxe5 12. Bxb7 Rb8 13. Qa4+ Bd7 14.
Qxa7 O-O 15. O-O Nc6 16. Bxc6 Qxc6 17. Rfb1 Ra8 18. Qd4 Rfd8 19. f3 Be6 20. Qb4
h6 21. a4 Rab8 22. Qa3 Ra8 23. a5 Ra6 24. c4 Bd7 25. Qc3 Re8 26. e4 f5 27. Rb2
fxe4 28. fxe4 Rf8 29. Rf1 Qc5+ 30. d4 Rxf1+ 31. Kxf1 Bh3+ 32. Kf2 Rf6+ 33. Ke2
Qh5+ 34. Kd2 Rf2+ 35. Kc1 Rf1+ 36. Kc2 Qd1# 0-1

[Event "Open Aubagne"]
[Site "Aubagne"]
[Date "2024.04.06"]
[Round "9.19"]
[White "Belaid, Myriam"]
[Black "Burnel, Marie-France"]
[Result "1-0"]
[WhiteElo "1199"]
[BlackElo "1199"]
[PlyCount "51"]
[WhiteTeam "C.E. Aubagnais"]
[BlackTeam "C.E. Aubagnais"]

1. c4 d6 2. Nc3 Nf6 3. d3 Nc6 4. g3 Bd7 5. Bg2 h6 6. Nf3 a6 7. a3 g5 8. h4 g4
9. Nd2 h5 10. e3 Be6 11. Nde4 b5 12. Nxf6+ exf6 13. Bxc6+ Ke7 14. Bxa8 Qxa8 15.
O-O bxc4 16. dxc4 Bxc4 17. Re1 Kd7 18. Qa4+ Bb5 19. Nxb5 c6 20. Nd4 Be7 21. Bd2
Rh6 22. Rac1 Ke8 23. Qxc6+ Qxc6 24. Rxc6 Kf8 25. Rc8+ Kg7 26. Nf5+ 1-0